| 000 | 00773nam a22002177a 4500 | ||
|---|---|---|---|
| 999 |
_c15176 _d15176 |
||
| 003 | OSt | ||
| 082 | _2631.7 DIV/WA | ||
| 088 | _aP 195 | ||
| 100 |
_aDIVYA GOPINATH _93414 |
||
| 245 | _aWatershed simulation using GIS integrated physically based model | ||
| 260 |
_aTavanur 2009 _bDepartment of Land and Water Resources and Conservation Engineering |
||
| 300 | _a62 | ||
| 500 | _aWatershed simulation using GIS integrated physically based model | ||
| 520 | _aWatershed simulation using GIS integrated physically based model | ||
| 700 |
_aKripa I. V _93415 |
||
| 700 |
_aPooja P _93416 |
||
| 700 |
_aShalini M. CHandran _93417 |
||
| 700 |
_aEr. K. K Sathian (Guide) _93391 |
||
| 856 | _uhttps://drive.google.com/open?id=1L46b3wjCecU3B8m3mWI1-csiB1uTk5Li | ||
| 942 | _cPR | ||